| 000 | 00749nam a2200217Ia 4500 | ||
|---|---|---|---|
| 005 | 20150116123437.0 | ||
| 010 | _aBAC-CH25 | ||
| 020 |
_a9780143332534 _c250.00 |
||
| 035 | _aB-561357-386 | ||
| 035 | _aG-002905 | ||
| 037 |
_bAakar/Ven _adpl |
||
| 082 | _a000 | ||
| 100 | _aO'Brien, Derek | ||
| 245 |
_aThe Puffin Factfinder / _cby Derek O'Brien |
||
| 260 |
_aNew delhi _bPuffin Books _c2012 |
||
| 270 |
_a11 Community Centre, Panchsheel Park, _bNew Delhi _e110017 |
||
| 300 |
_a368p. _c19cm(pbk) |
||
| 942 |
_cCH _2ddc _mOBR _h000 |
||
| 999 |
_c85662 _d85662 |
||